|
|
|
|
| LEADER |
00000naa2a2200000 4500 |
| 001 |
465096 |
| 005 |
20231101090259.0 |
| 035 |
|
|
|a (RuTPU)RU\TPU\prd\129653
|
| 035 |
|
|
|a RU\TPU\prd\129648
|
| 090 |
|
|
|a 465096
|
| 100 |
|
|
|a 20120126a1966 k y0rusy50 ca
|
| 101 |
0 |
|
|a rus
|
| 102 |
|
|
|a RU
|
| 200 |
1 |
|
|a Электронномикроскопическое исследование дислокационной структуры сплава Cu + 17, 3 % Al в области высокотемпературной аномалии сопротивления деформирования
|f В. Е. Панин, Л. С. Бушнев, Е. Ф. Дударев
|
| 461 |
|
1 |
|0 (RuTPU)RU\TPU\prd\406
|x 0015-3230
|t Физика металлов и металловедение
|f Российская академия наук (РАН), Уральское отделение (УрО), Институт физики металлов (ИФМ)
|d 1955-
|
| 463 |
|
1 |
|0 (RuTPU)RU\TPU\prd\110369
|t Т. 20, вып. 2
|v С. 272-279
|d 1965
|
| 610 |
1 |
|
|a труды учёных ТПУ
|
| 700 |
|
1 |
|a Панин
|b В. Е.
|c специалист в области физики и механики деформируемого твердого тела, физического материаловедения
|c доктор физико-математических наук, профессор Томского политехнического университета
|c зав. кафедрой материаловедения в машиностроении
|c директор Российского материаловедческого центра
|c научный руководитель Института физики прочности и материаловедения СО РАН
|f 1930-
|g Виктор Евгеньевич
|2 stltpush
|3 (RuTPU)RU\TPU\pers\12102
|
| 701 |
|
1 |
|a Бушнев
|b Л. С.
|
| 701 |
|
1 |
|a Дударев
|b Е. Ф.
|
| 801 |
|
1 |
|a RU
|b 63413507
|c 20120126
|
| 801 |
|
2 |
|a RU
|b 63413507
|c 20120126
|g RCR
|
| 942 |
|
|
|c BK
|